000
00309nam a22001337a 4500
003
SGT
082
_a
320
_b
H98G
100
_a
GOPALAN, S.
245
_a
HONOURING NATIONAL LEADERS STATUS AND PORTALS
260
_b
LOK SABHA SECRETARIAT
_c
1998
300
_a
173
650
_a
POLITICAL SCIENCE
942
_2
ddc
_c
BK
999
_c
28893
_d
28893